000 00643nam a22002650a 4500
001 PT50943
003 AR-LpoUNG
005 20210131231403.0
008 191001s1994||||ag |||||||||||||||||spa d
040 _aAR-LpoUNG
_bspa
_cAR-LpoUNG
_eaacr
041 _aspa
044 _aag
082 0 _aA863 723lun
100 1 _aArlt, Roberto
245 1 3 _aLa luna roja
250 _a1ra. ed.
260 _aBuenos Aires :
_bDiario Popular,
_c1994.
300 _a94 p. :
_bil., gráfs.
650 4 _aARGENTINA
650 4 _aLITERATURA
650 4 _aNOVELAS
651 4 _aDOCUMENTOS TEORICOS O METODOLOGICOS
905 _a50943
942 _cLIB
999 _c9746
_d9746